The presidents republic of the Philippines / (Record no. 8346)
[ view plain ]
| 000 -LEADER | |
|---|---|
| fixed length control field | 00516nam a2200169 4500 |
| 008 - FIXED-LENGTH DATA ELEMENTS--GENERAL INFORMATION | |
| fixed length control field | 180125b xxu||||| |||| 00| 0 eng d |
| 020 ## - INTERNATIONAL STANDARD BOOK NUMBER | |
| International Standard Book Number | 971-668-026-0 |
| 082 ## - DEWEY DECIMAL CLASSIFICATION NUMBER | |
| Edition number | 1996 |
| Classification number | DFil 920 |
| Item number | V54p |
| 100 ## - MAIN ENTRY--PERSONAL NAME | |
| 9 (RLIN) | 25808 |
| Personal name | Velasco, Rheno A. |
| 245 ## - TITLE STATEMENT | |
| Title | The presidents republic of the Philippines / |
| Statement of responsibility, etc. | Rheno A. Velasco. |
| 250 ## - EDITION STATEMENT | |
| Edition statement | SIMPLIFIED EDITION |
| 260 ## - PUBLICATION, DISTRIBUTION, ETC. (IMPRINT) | |
| Place of publication, distribution, etc. | Philippines: |
| Name of publisher, distributor, etc. | Loacan Publishing House, |
| Date of publication, distribution, etc. | ©1996. |
| 300 ## - PHYSICAL DESCRIPTION | |
| Extent | 73 pages ; |
| Dimensions | 20 cm. |
| 650 #0 - SUBJECT ADDED ENTRY--TOPICAL TERM | |
| 9 (RLIN) | 25809 |
| Topical term or geographic name as entry element | Presidents |
| 365 ## - TRADE PRICE | |
| Price amount | 65.00 |
| Currency code | Php |
| 942 ## - ADDED ENTRY ELEMENTS (KOHA) | |
| Source of classification or shelving scheme | Dewey Decimal Classification |
| Koha item type | Filipiniana |
| Withdrawn status | Lost status | Source of classification or shelving scheme | Damaged status | Not for loan | Collection code | Home library | Current library | Shelving location | Date acquired | Source of acquisition | Total Checkouts | Full call number | Barcode | Date last seen | Date last checked out | Copy number | Price effective from | Koha item type |
|---|---|---|---|---|---|---|---|---|---|---|---|---|---|---|---|---|---|---|
| Dewey Decimal Classification | Filipiniana | UM Digos College - LIC | UM Digos College - LIC | Book Cart | 08/14/2008 | Purchased | 3 | DFil 920 V54p 1996 | 19568 | 05/15/2025 | 09/07/2022 | 1 | 01/25/2018 | Filipiniana |
